1129 1964 1494 1787 1584 1230 1813 1778 1361 1171 1761 1817 1975 1180 1391 1750 1636 1688 1673 1520 1700 1487 1801 1405 1779 1839 1949 1755 1337 1957 1831 1250 1420 1596 1412 1349 1866 1625 1100 1829 1606 1417 1322 1478 1107 1389 1140 1404 1577 1653 1115 1102 1839 1648 1757 1818 1143 1918 1407 1125 1830 1452 1154 1531 1857 1721 1187 1953 1550 1965 1076 1671 1016 1685 1984 1939 1325 1784 1247 1211 1500 1076 1756 1713 1629 1613 1460 1925 1873 1901 1420 1670 1229 1225 1770 1581 1369 1957 1686 BCNSPRNW ULIB Ver.6.0+V

เปลี่ยนเป็นภาษาไทย

Change to English
 แสดงรายละเอียดบรรณานุกรม
  กลับหน้าหลัก

Brief Record : Get Marc (ISO 2709) : E-mail record : QR code < ปิดหน้าต่าง
LEADER : 00000nam 2200000uu 4500
001    13399123523
003     ULIB
008    141003s2556||||th 000 0 tha d
020    ^a9786165516921
060  0 ^aWS200^bจ451น
100    ^aจิตลัดดา ดีโรจนวงศ์
245    ^aแนวทางการดูแลรักษาปัญหาทางระบบหายใจที่พบบ่อยในเด็ก/^cจิตลัดดา ดีโรจนวงศ์
246 0  Practical Approach to common respiratory problems in children
260    ^aบียอนด์ เอ็นเทอร์ไพรซ์ :^bกรุงเทพมหานคร,^c2556
300    ^a348 หน้า
500    ^aCough Chronic Cough Chest Pain Hemoptysis Noisy Breathing Acute Wheezing Recurrent Wheezing Apparent Life Threatening Events Recuurrent Persistent Pneumonia Common Respiratory Diseases
650    ^aปัญหาทางระบบหายใจ
945    ^p0^l0^i036069
945    ^p0^l0^i036070
945    ^p0^l0^i036071
945    ^p0^l0^i036072
945    ^p0^l0^i036073
945    ^p0^l0^i036074
945    ^p0^l0^i036075
999    ^aเกษร โพธิ์สุวรรณ
รายการนี้ยังไม่มีแท็ก
คุณยังไม่ได้ล็อกอิน คุณสามารถมีกิจกรรมร่วมกับเว็บไซต์ได้ แต่ต้องล็อกอินก่อน ::
  ล็อกอิน

รายการสื่อสารสนเทศ

ลำดับที่ ประเภท เลขเรียก/บาร์โค้ด สถานที่ สถานะ
1. วิทยาศาสตร์การแพทย์ และสุขภาพ
หนังสือสำรอง
สถานะ=หนังสือสำรอง
WS200 จ451น ฉ.1 
  Barcode: 036069
ห้องสมุดวิทยาเขตสวรรค์ประชารักษ์
►ส่วนจัดเก็บหนังสือเก่า สปร
บนชั้น
  ขอยืม
2. วิทยาศาสตร์การแพทย์ และสุขภาพ
วิทยาศาสตร์การแพทย์ และสุขภาพ
WS200 จ451น ฉ.2 
  Barcode: 036070
ห้องสมุดวิทยาเขตสวรรค์ประชารักษ์
►ส่วนจัดเก็บหนังสือเก่า สปร
บนชั้น
  ขอยืม
3. วิทยาศาสตร์การแพทย์ และสุขภาพ
วิทยาศาสตร์การแพทย์ และสุขภาพ
WS200 จ451น ฉ.3 
  Barcode: 036071
ห้องสมุดวิทยาเขตสวรรค์ประชารักษ์
►ส่วนจัดเก็บหนังสือเก่า สปร
บนชั้น
  ขอยืม
4. วิทยาศาสตร์การแพทย์ และสุขภาพ
วิทยาศาสตร์การแพทย์ และสุขภาพ
WS200 จ451น ฉ.4 
  Barcode: 036072
ห้องสมุดวิทยาเขตสวรรค์ประชารักษ์
►ส่วนจัดเก็บหนังสือเก่า สปร
บนชั้น
  ขอยืม
5. วิทยาศาสตร์การแพทย์ และสุขภาพ
วิทยาศาสตร์การแพทย์ และสุขภาพ
WS200 จ451น ฉ.5 
  Barcode: 036073
ห้องสมุดวิทยาเขตสวรรค์ประชารักษ์
►ส่วนจัดเก็บหนังสือเก่า สปร
บนชั้น
  ขอยืม
6. วิทยาศาสตร์การแพทย์ และสุขภาพ
วิทยาศาสตร์การแพทย์ และสุขภาพ
WS200 จ451น ฉ.6 
  Barcode: 036074
ห้องสมุดวิทยาเขตสวรรค์ประชารักษ์
►ส่วนจัดเก็บหนังสือเก่า สปร
บนชั้น
  ขอยืม
7. วิทยาศาสตร์การแพทย์ และสุขภาพ
วิทยาศาสตร์การแพทย์ และสุขภาพ
WS200 จ451น ฉ.7 
  Barcode: 036075
ห้องสมุดวิทยาเขตสวรรค์ประชารักษ์
►ส่วนจัดเก็บหนังสือเก่า สปร
บนชั้น
  ขอยืม

รายการใกล้เคียง
    ผู้แต่ง [จิตลัดดา ดีโรจนวงศ์]

    หัวเรื่อง [ปัญหาทางระบบหายใจ]

BibComment


ยังไม่เคยถูกคอมเมนท์

คอมเมนท์ทรัพยากรรายการนี้
  คอมเมนท์: แนวทางการดูแลรัก..


 Copyright 2026. Bcnsprnw @Library